000
00272nam a2200133Ia 4500
100
_a
Salomon/David
942
_c
BK
654
_a
computer
245
_a
Advanced Tex Book
260
_b
Springer-Verlag
_a
NONE
_c
1995
300
_a
490
546
_a
ENGLISH
999
_c
30391
_d
30391